Journalism and electronic media

Bibliographic Details
Main Author: Bansal, S.K
Format: Book
Published: New Delhi : A.P.H. Publishing Corporation , 2007
Subjects:

MARC

LEADER 00000cam a2200000 7i4500
001 0000037248
005 20130829.0
008 130829
020 |a 813130065X 
090 0 0 |a 070.40285   |b BAN 
100 1 |a Bansal, S.K 
245 1 4 |a Journalism and electronic media   |c S.K. Bansal 
260 |a New Delhi :   |b A.P.H. Publishing Corporation ,   |c 2007 
650 0 |a Electronic news gathering 
650 0 |a Journalism   |x Computer network resources 
650 0 |a Journalism   |x Data Processing 
650 0 |a Journalism   |x Technologies Innovations 
999 |a 0001026124   |b Book   |c Adult Collection   |e Perbadanan Perpustakaan Awam Johor 
999 |a 0001026125   |b Book   |c Adult Collection   |e Perbadanan Perpustakaan Awam Johor